000 00712nam a22002537a 4500
003 UA-OsUOA
001 46782
007 ta
008 20070705b un ||||| |||| 00| 0 ukr d
100 _aЩибиволок З. І.
090 _a336.71(075.8)
_bЩ74
942 _cBK
040 _aUA-OsUOA
_bukr
_cUA-OsUOA
_dUA-OsUOA
245 _aАналіз банківської діяльності
_bНавчальний посібник
300 _a311 с.
955 _a2
041 _aukr
080 _a336.71(075.8)
020 _a966-346-275-2
260 _aК.
_bЗнання
_c2007
250 _n2-ге видання,, стереотипне
650 7 _a336 Фінанси
_2UDC
999 _c332890
_d332890